| 000 | 00649nam a2200205 i 4500 | ||
|---|---|---|---|
| 001 | 23568 | ||
| 003 | ES-MaACL | ||
| 005 | 20230906152910.0 | ||
| 007 | t| | ||
| 008 | 021211s1892 sp ||||1| spa d | ||
| 100 | 1 |
_aAlvarez Cabrera, José. _920717 |
|
| 245 | 1 | 0 |
_aApuntes militares sobre el imperio de Marruecos / _cJosé Alvarez Cabrera. |
| 260 |
_aToledo : _b[s.n., _c1892] ( _fImp. de J. Pelaez) |
||
| 300 |
_a88 p. ; _c23 cm. |
||
| 490 | 1 | _aPublicaciones de los estudios militares | |
| 830 | 0 |
_aPublicaciones de los estudios militares _9183233 |
|
| 852 |
_aES-MaACL _jFol-Laf-455 |
||
| 852 |
_aES-MaACL _jT-559-F-8 |
||
| 999 |
_c23568 _d23568 |
||